Sports Quiz

Random Sports or Auto Racing Quiz

NASCAR Tracks Quiz Stats

 Plays Quiz Updated Jul 17, 2018

Support Sporcle.
Go Orange.
Score 0/26 Timer 07:00
13 Plays Today
Length (mi) Track % Correct
2.5Daytona Int'l Speedway
93.6%
2.66Talladega Superspeedway
83.1%
0.53Bristol Motor Speedway
79.1%
1.5Charlotte Motor Speedway
74.1%
1.5Texas Motor Speedway
73.1%
1.54Atlanta Motor Speedway
72.5%
2.5Indianapolis Motor Speedway
71.8%
2.45Watkins Glen International
71.5%
1Dover Int'l Speedway
68%
2.5Pocono Raceway
66.7%
2Michigan Int'l Speedway
66.2%
0.52Martinsville Speedway
65.3%
1.5Homestead-Miami Speedway
64.2%
Length (mi) Track % Correct
1.99Infineon Raceway
63.9%
1.5Las Vegas Motor Speedway
63.9%
0.75Richmond Int'l Raceway
63.1%
1.5Chicagoland Speedway
62.3%
1Phoenix Raceway
62%
1.5Kansas Speedway
61.3%
1.5Kentucky Speedway
59.8%
1.36Darlington Raceway
57.6%
1.05New Hampshire Motor Speedway
56.4%
2Auto Club Speedway
48.7%
0.87Iowa Speedway
42.6%
4.05Road America
42.6%
2.4Mid-Ohio Sportscar Course
31.5%

You're not logged in!

Compare scores with friends on all Sporcle quizzes.
OR
Log In

From the Vault

Funny Money

by needapausebutton

Using this money for its intended purpose may cause awkward results.
Remove Ads.
Support Sporcle.
Get the best of Sporcle when you Go Orange. This ad-free experience offers more features, more stats, and more fun while also helping to support Sporcle. Thank you for becoming a member.

Show Comments

Extras

Top Quizzes Today


Score Distribution

Your Account Isn't Verified!

In order to create a playlist on Sporcle, you need to verify the email address you used during registration. Go to your Sporcle Settings to finish the process.

Report this User

Report this user for behavior that violates our Community Guidelines.

Details: